| 000 | 00772nam a22002537a 4500 | ||
|---|---|---|---|
| 005 | 20170124105935.0 | ||
| 010 | _aA-459742 | ||
| 020 |
_a8185330093 _c00.00 |
||
| 035 | _aA-459742 | ||
| 037 | _bCen Lib/Ret | ||
| 040 |
_aDPL _bEN |
||
| 082 |
_a305.56 _bBAI |
||
| 100 |
_aBaisantry, D.K. _99390 |
||
| 245 |
_aAmbedkar : _btotal revolutionary / _cby D.K. Baisantry |
||
| 260 |
_aNew Delhi _bSegment book distributers _c1991 |
||
| 270 | _bNew Delhi | ||
| 300 |
_a111p. _c25cm(Hb) |
||
| 500 | _aIncludes index | ||
| 650 |
_aSocial reformer _99391 |
||
| 650 |
_aPoliticians _99392 |
||
| 650 |
_aदवा _99393 |
||
| 650 |
_aबच्चों (स्वास्थ्य और स्वच्छता) _99394 |
||
| 942 |
_2ddc _cEN _h305.56 _mBAI |
||
| 999 |
_c124115 _d124115 |
||